Climate change: what the science tells us (Record no. 21752)
[ view plain ]
| 000 -LEADER | |
|---|---|
| fixed length control field | 00488 a2200169 4500 |
| 000 - LEADER | |
| fixed length control field | BKB |
| 001 - CONTROL NUMBER | |
| control field | 141964 |
| 005 - DATE AND TIME OF LATEST TRANSACTION | |
| control field | 20200902165640.0 |
| 008 - FIXED-LENGTH DATA ELEMENTS--GENERAL INFORMATION | |
| fixed length control field | |
| 082 ## - DEWEY DECIMAL CLASSIFICATION NUMBER | |
| Classification number | 551.6 |
| Item number | F63C |
| 100 1# - MAIN ENTRY--PERSONAL NAME | |
| Personal name | Fletcher, Charles |
| 245 1# - TITLE STATEMENT | |
| Title | Climate change: what the science tells us |
| Statement of responsibility, etc | by Charles Fletcher |
| 260 ## - PUBLICATION, DISTRIBUTION, ETC. (IMPRINT) | |
| Place of publication, distribution, etc | Hoboken |
| Name of publisher, distributor, etc | John Wiley & sons |
| Date of publication, distribution, etc | 2013 |
| 300 ## - PHYSICAL DESCRIPTION | |
| Extent | 265p. |
| 630 ## - SUBJECT ADDED ENTRY--UNIFORM TITLE | |
| Uniform title | Environmental Science |
| 690 ## - LOCAL SUBJECT ADDED ENTRY--TOPICAL TERM (OCLC, RLIN) | |
| Topical term or geographic name as entry element | Climatic changes; Global warming |
| Withdrawn status | Lost status | Damaged status | Not for loan | Home library | Current library | Date acquired | Cost, normal purchase price | Total Checkouts | Full call number | Barcode | Date last seen | Price effective from | Koha item type |
|---|---|---|---|---|---|---|---|---|---|---|---|---|---|
| Central University Of Rajasthan | Central University Of Rajasthan | 12/03/2014 | 0.00 | 551.6 F63C | 18107 | 21/11/2024 | 02/09/2020 | Books |
